000 00258nam a2200109Ia 4500
005 20251222114416.0
008 251222s1900||||xx |||||||||||||| ||spa||
082 _aDVD0080/S29/2003
245 0 _aVerĂ³nica Guerin:
264 _bTouchstone Pictures
942 _cDVD
999 _c2236
_d2236